عرض عادي عرض مارك
  • Thorne, C. R.

مدخل إسم شخص

عدد التسجيلات المستخدمة في: 1

001 - رقم الضبط

  • حقل الضبط: 12135

003 - معرف رقم الضبط

  • حقل الضبط: OSt

005 - تاريخ ووقت أخر عملية

  • حقل الضبط: 20120428142433.0

008 - عناصر بيانات ثابتة الطول

  • حقل تحكم ثابت الطول: 120428|||a|||||| | ||| d

040 ## - مصدر الفهرسة

  • هيئة الفهرسة الأصلية: OSt
  • وكالة الكتابة: OSt

100 ## - مدخل -- أسم شخص

  • إسم شخص: Thorne, C. R.
  • الشكل الكامل للاسم: (Colin R.)

670 ## - بيانات المصدر موجوده

  • الاستشهاد بالمصدر: Work cat.: (OSt)23992: Sear, David (David A.) 12133, Guidebook of applied fluvial geomorphology /, c2010.